000 00423nam a2200181Ia 4500
001 16822
005 20260306170339.0
008 260306t2007||||xx |||||||||||||| ||und||
041 _aESP
082 _a657
_bZ55 2007
100 _aZeballos Zeballos, Erly
_eAUT
245 0 _aContabilidad general
260 _c2007
300 _a520 páginas :
_c21cm.
650 _aGEN
654 _aCCO
942 _cLIB
_dJUS
_fJUS
_2ddc
_n
999 _c16822
_d16822